000 00349nam a2200133Ia 4500
008 240624s9999 xx 000 0 und d
041 _aeng
082 _a330 ARM
100 _aARMENDARIZ BEATRIZ
245 _aECONOMICS OF MICROFINANCE
260 _c2007
_aNew Delhi
_bPrentice-Hall of India
300 _axiv, : 346 : p. : cm. ; 22
365 _cRS
_b36
999 _c7438
_d7438